Emisie podielnických listov upísali len tri percentá poľnohospodárskych družstiev
Z obsahu dvojstrany: Novela transformačného zákona má zabrániť rozpadu družstiev. O cene družstevných cenných papierov rozhodne trh. To, čo v Česku nevyriešil štát, robia družstvá samy. Niektoré družstvá obchodovať s družstevnými cennými papiermi začali, iné ešte vyčkávajú.
Salvato in:
| Autore principale: | |
|---|---|
| Natura: | Capitolo di libro |
| Lingua: | slovacco |
| Soggetti: | |
| Tags: |
Nessun Tag, puoi essere il primo ad aggiungerne!!
|
MARC
| LEADER | 00000naa a2200000 4500 | ||
|---|---|---|---|
| 001 | r025322 | ||
| 005 | 20230921080558.8 | ||
| 041 | 0 | |a slo | |
| 044 | |a SK | ||
| 245 | 1 | 0 | |a Emisie podielnických listov upísali len tri percentá poľnohospodárskych družstiev |c J. Janků |
| 520 | |a Z obsahu dvojstrany: Novela transformačného zákona má zabrániť rozpadu družstiev. O cene družstevných cenných papierov rozhodne trh. To, čo v Česku nevyriešil štát, robia družstvá samy. Niektoré družstvá obchodovať s družstevnými cennými papiermi začali, iné ešte vyčkávajú. | ||
| 610 | 2 | 0 | |a družstvá |
| 610 | 2 | 0 | |a družstvá poľnohospodárske |
| 610 | 2 | 0 | |a listy podielové |
| 610 | 2 | 0 | |a papiere cenné |
| 610 | 2 | 0 | |a zákony |
| 610 | 2 | 0 | |a Slovensko |
| 610 | 2 | 0 | |a Česko |
| 100 | 1 | |a Janků, Jaroslav | |